MARC details
| 000 -CABECERA |
| campo de control de longitud fija |
00869nam a2200229 u 4500 |
| 005 - FECHA Y HORA DE LA ÚLTIMA TRANSACCIÓN |
| campo de control |
20210223130958.0 |
| 008 - ELEMENTOS DE LONGITUD FIJA--INFORMACIÓN GENERAL |
| campo de control de longitud fija |
090422s2001 r 000 0 eng d |
| 020 ## - NÚMERO INTERNACIONAL NORMALIZADO PARA LIBROS |
| Número Internacional Estándar del Libro |
8480044780 |
| 035 ## - NÚMERO DE CONTROL DEL SISTEMA |
| Número de control de sistema |
UPN01000170273 |
| 049 ## - COLECCIÓN |
| Colección |
CE |
| 050 #4 - SIGNATURA TOPOGRÁFICA DE LA BIBLIOTECA DEL CONGRESO |
| Número de clasificación |
BF576.3 |
| Número de documento/Ítem |
L9.2 |
| 100 1# - ASIENTO PRINCIPAL--NOMBRE PERSONAL |
| Nombre de persona |
Lynn, Adele B. |
| 245 10 - MENCIÓN DE TÍTULO |
| Título |
50 actividades para desarrollar la inteligencia emocional / |
| Mención de responsabilidad, etc. |
Adele B. Lynn ; tr. Carmen E. León. |
| 260 ## - PUBLICACIÓN, DISTRIBUCIÓN, ETC. |
| Lugar de publicación, distribución, etc. |
Madrid : |
| Nombre del editor, distribuidor, etc. |
Centro de Estudios Ramón Areces, |
| Fecha de publicación, distribución, etc. |
2001. |
| 300 ## - DESCRIPCIÓN FÍSICA |
| Extensión |
186 h. : |
| Otras características físicas |
il. |
| 500 ## - NOTA GENERAL |
| Nota general |
Carpeta con argollas metálicas con hojas tamaño oficio |
| 534 ## - NOTA SOBRE LA VERSIÓN ORIGINAL |
| Frase introductoria |
Título original: |
| Mención de título del original |
50 activities for developing emotional intelligence |
| 650 #4 - ASIENTO SECUNDARIO DE MATERIA - TERMINO TEMATICO |
| Término de materia o nombre geográfico como elemento de entrada |
INTELIGENCIA EMOCIONAL - |
| Subdivisión de forma |
PROBLEMAS, EJERCICIOS, ETC. |
| 9 (RLIN) |
15819 |
| 650 #4 - ASIENTO SECUNDARIO DE MATERIA - TERMINO TEMATICO |
| Término de materia o nombre geográfico como elemento de entrada |
EXITO EN LOS NEGOCIOS - |
| Subdivisión de forma |
PROBLEMAS, EJERCICIOS, ETC. |
| 9 (RLIN) |
15818 |
| 650 #4 - ASIENTO SECUNDARIO DE MATERIA - TERMINO TEMATICO |
| Término de materia o nombre geográfico como elemento de entrada |
INTELIGENCIA - |
| Subdivisión general |
PRUEBAS |
| 9 (RLIN) |
6228 |
| 905 ## - TIPO DE MATERIAL |
| Tipo de material |
Libro |